000 00650nam a2200217 a 4500
001 20278
003 CO-ViMGA
008 141112s2004 ck r 000 u spa d
020 _a980257046X
040 _aCO-ViMGA
_bspa
_cCO-ViMGA
082 0 4 _aVANe
100 1 _aVan, Allsburg
_929293
245 1 0 _aEl Expreso Polar
260 _aCaracas :
_bEdiciones Ekare,
_c1988
300 _a25p
590 _aForma de adquisición : PREMIO MIN CULTURA 2005 - - Precio : 25.500 - - Fecha de adquisición : FEBRERO 2005
650 1 4 _aCUENTOS DE NAVIDAD
_92386
650 1 4 _aCUENTOS INFANTILES
_92743
650 1 4 _aCUENTOS INFANTILES ALEMANES
942 _2ddc
_cBK
999 _c2817
_d2817